00779nam a22002057a 450000500170000001000150001702000260003203500140005803700090007208200100008110000240009124500790011525000060019426000420020027001140024230000200035694200240037699900190040095201540041920240925152740.0 aENG-141779 a9789356849051c200.00 aEN-125311 bDBAD a658.7 aRakesh Kumar971966 aDesi Manager:bIndian Sutras for an Efficient Management/cBy Rakesh Kumar a1 aNew DelhibDiamond Pocket Booksc2024 aX- 30, Okhla Industrial Area, Phase-IIbNew Delhie110020mwecare@diamondbooks.ink011-40712100k011-41611861 a152p.c22cm(pb) 2ddccENh658.7mRAK c205896d205896 001040708NFICaVPbVPd2024-09-25eDelivery of Books Act Divisiong200.00l0o658.7 RAKpEN-125311r2024-09-25 00:00:00t1v200.00w2024-09-25yEN